Pomerové a regresné bodové odhady

Problematika pomerových a regresných bodových odhadov strednej hodnoty a úhrnu UHx študovanej premennej X v konečnom základnom súbore.

Gespeichert in:
Bibliographische Detailangaben
1. Verfasser: Hrnčiarová, Ľubica
Weitere Verfasser: Terek, Milan
Format: Buchkapitel
Sprache:Slowakisch
Schlagworte:
Tags: Tag hinzufügen
Keine Tags, Fügen Sie das erste Tag hinzu!

MARC

LEADER 00000naa$a2200000$$$4500
001 0056952
005 20240711093023.2
041 0 |a slo 
044 |a SK 
245 1 0 |a Pomerové a regresné bodové odhady  |c Ľubica Hrnčiarová, Milan Terek 
520 |a Problematika pomerových a regresných bodových odhadov strednej hodnoty a úhrnu UHx študovanej premennej X v konečnom základnom súbore. 
610 2 0 |a analýza regresná 
610 2 0 |a kvalita 
610 2 0 |a rozhodovanie 
610 2 0 |a odhad štatistický 
610 2 0 |a súbory štatistické 
610 2 0 |a modely lineárne 
100 1 |a Hrnčiarová, Ľubica 
700 1 |a Terek, Milan